| 000 | 00352nam a2200133Ia 4500 | ||
|---|---|---|---|
| 008 | 240624s9999 xx 000 0 und d | ||
| 041 | _aeng | ||
| 082 | _a891.43 SCH | ||
| 100 | _aSCHWARTZ DAVID J | ||
| 245 | _aBADI SOCH KA BADA JAADU | ||
| 260 |
_c2015 _aNew Delhi _bManjul Publishing House Pvt Ltd |
||
| 300 | _a336 : p. : cm. ; 21 | ||
| 365 |
_cRS _b25 |
||
| 999 |
_c28038 _d28038 |
||